000 00539cam a2200145 4500500
005 20260111142004.0
041 _afre
042 _adc
100 1 0 _aHartmann, Pierre
_eauthor
245 0 0 _aMartin Wählber, La Scène de musique dans le roman du 18e siècle, Paris, Classiques Garnier, 2015, 454 p.
260 _c2016.
500 _a76
786 0 _nDix-huitième siècle | 48 | 1 | 2016-09-06 | p. XCIX-XCIX | 0070-6760
856 4 1 _uhttps://shs.cairn.info/revue-dix-huitieme-siecle-2016-1-page-XCIX?lang=fr&redirect-ssocas=7080
999 _c1635292
_d1635292